000 005290000a22001810004500
090 _aAR
_b01849
245 1 0 _aReappraisal of the feeding adaptations in the hairs of nectar-feeding bats
650 1 4 _aMurciélagos
_92659
650 1 4 _aNectarívoros
_994914
650 1 4 _aMorfología animal
_99953
650 1 4 _aEvolución
_992797
653 _fPhyllostomidae
653 _fPteropodidae
041 0 _aInglés
100 1 _aDonald W., Thomas
_995275
942 _cARTICULO
773 1 _tJournal of Mammalogy
_3106
_h3
_q1-1
_d1984
_g65
999 _c10926
_d10926